Normal view
MARC view
- Mushtaq, Kanwal
Entry Personal Name
001 - CONTROL NUMBER
- control field: 14830
003 - CONTROL NUMBER IDENTIFIER
- control field: NUST
005 - DATE AND TIME OF LATEST TRANSACTION
- control field: 20190614053450.0
008 - FIXED-LENGTH DATA ELEMENTS
- fixed length control field: 190614|| aca||aabn | a|a d
040 ## - CATALOGING SOURCE
- Original cataloging agency: NUST
- Transcribing agency: NUST
100 ## - HEADING--PERSONAL NAME
- Personal name: Mushtaq, Kanwal
670 ## - SOURCE DATA FOUND
- Source citation: Work cat.: (NUST): Mushtaq, Kanwal, yar Tun Kithy Aey /, 2008.
